000 01233nam a2200325 c 4500
003 BLK
005 20200805132714.0
008 180408b bul|||||r ||||||| ||bul||
010 _aKNG00095029000
040 _aBLK
041 _aBUL
_cBUL
080 _aАнглийска литература
_b821.111
_x-312.4
_z821.111-312.4
100 1 _aЧейс, Джеймс Хадли
_eпърви автор
_9369710
700 1 _aКръстев, Валентин
_eпрев. от англ.
_9363643
139 _aЧейс, Джеймс Хадли
_bЧ 49
245 1 0 _aЕдна ясна лятна утрин
_bРоман
_cДжеймс Хадли Чейс; прев. от англ. Валентин Кръстев.
257 _aGBR
260 София
_bПетриков
_c1991
_fВраца : Полипринт
300 _a204 с.
_c17 см
380 _aX
490 1 _aБиблиотека Крайм
_v1
500 _aОриг. загл. One Bright Summer Morning / James Hadley Chase. - Офс. изд.
653 _aкрими
653 _aромани
852 _aЦб І 25071
856 4 _qpdf
_u
856 4 _qpdf
_u
942 _cKNG
_n0
_03
944 _aCR
_c30.03.2010
_lф /
_kЛюдмила_Стоянова
944 _aED
_c21.04.2010
_lф /
_k
999 _c90290
_d90290